000 00695nam a2200229Ia 4500
003 GCL
008 140319s9999 xx 000 0 ara d
040 _aGCL /
_cGCL
082 0 4 _aق
_b932
_bم ز
100 1 _aمركز تسجيل الاثار المصرية
245 1 0 _aالزراعة فى مصر القديمة /
_cمركز تسجيل الاثار المصرية
260 _a[S.N] :
_bمركز تسجيل الاثار المصرية
300 _a36 ص
490 _a
650 0 4 _aمصر
650 0 4 _aتاريخ
650 0 4 _aالزراعة
650 0 4 _aمصر القديمة
650 0 4 _aالحضارة المصرية
650 0 4 _aوادى النيل
942 _2ddc
_cBK
999 _c36262
_d36262